00731nam a22001937a 4500003000400000005001700004008004100021020001700062040002900079050002600108100002300134245007600157260004300233300003600276650003200312942001500344952016100359999001700520OSt20260625121402.0260625b |||||||| |||| 00| 0 eng d a978087749432 cChuka University Library aLB 1050.455b.L4 2009 aLent Releah931198 aLiteracy for Real: Reading, Thinking, and Learning in the Content Areas aNew YorkbTeachers College Pressc2009 axi, 132PbColored Illustrations aContent Area Reading927680 2lcccBKn0 00102lcc40708LGLaCHKbCHKcGENd2026-06-25eDonations from Books of Africal0oLB 1050.455 .L4 2009p35910/2026r2026-06-25 12:17:37t1w2026-06-25yBK c25211d25211